00297nam a2200121Ia 4500008004100000082001500041100002300056245003400079250000800113260003800121300000800159650000800167191201s2011 xx 000 0 und d a338.7bOBB aOBEROI,Pawan Kumar 0aBusiness Regulatory Framework a1st aN. DelhibGlobal vision pubc2011 a293 aBBA